Вып. 15; Философия и научный коммунизм

書誌詳細
Parent link:Философия и научный коммунизм: межведомственный сборник/ Белорусский государственный университет (БГУ). Вып. 15.— , 1974-
その他の著者: Зеленков А. И. (редактор)
要約:Исключено из фонда НТБ ТПУ
言語:ロシア語
出版事項: 1988
フォーマット: MixedMaterials 図書
KOHA link:https://koha.lib.tpu.ru/cgi-bin/koha/opac-detail.pl?biblionumber=263596

MARC

LEADER 00000nam2a2200000 4500
001 263596
005 20231031222447.0
035 |a (RuTPU)RU\TPU\book\286584 
090 |a 263596 
100 |a 20140610d1988 k y0rusy50 ca 
101 0 |a rus 
102 |a BY 
105 |a y z 001zy 
200 0 |a Вып. 15  |f под ред. А. И. Зеленкова 
210 |d 1988 
215 |a 133 с. 
333 |a Исключено из фонда НТБ ТПУ 
461 1 |0 (RuTPU)RU\TPU\book\270733  |t Философия и научный коммунизм  |o межведомственный сборник  |f Белорусский государственный университет (БГУ)  |v Вып. 15  |d 1974-  
702 1 |a Зеленков  |b А. И.  |4 340 
801 1 |a RU  |b 63413507  |c 20140610 
801 2 |a RU  |b 63413507  |c 20220314  |g RCR 
942 |c BK